Restructuring public administration: essays in rehabilitation (Record no. 380946)

000 -LEADER
fixed length control field 00383cam a22001217a 4500
008 - FIXED-LENGTH DATA ELEMENTS--GENERAL INFORMATION
fixed length control field 180718b1997 xxu||||| |||| 00| 0 eng d
082 ## - DEWEY DECIMAL CLASSIFICATION NUMBER
Classification number B3x54 B469r
100 ## - MAIN ENTRY--PERSONAL NAME
Personal name Bhattacharya, Mohit
245 ## - TITLE STATEMENT
Title Restructuring public administration: essays in rehabilitation
Statement of responsibility, etc. by Mohit Bhattacharya
260 ## - PUBLICATION, DISTRIBUTION, ETC.
Place of publication, distribution, etc. New Delhi
Name of publisher, distributor, etc. Jawahar
Date of publication, distribution, etc. 1997
300 ## - PHYSICAL DESCRIPTION
Extent 115p.
650 ## - SUBJECT ADDED ENTRY--TOPICAL TERM
Topical term or geographic name entry element Public administration - India
Holdings
Withdrawn status Lost status Damaged status Not for loan Permanent Location Current Location Date acquired Full call number Barcode Date last seen Price effective from Koha item type
        Indian Institute of Public Administration Indian Institute of Public Administration 1997-04-29 B3x54 B469r 71858 2018-07-21 2018-07-21 Book

Powered by Koha